header

Writing human factors research papers (Record no. 233717)

MARC details
000 -LEADER
fixed length control field 01237nam a2200313 a 4500
082 04 - DEWEY DECIMAL CLASSIFICATION NUMBER
Classification number 808.066
100 1# - MAIN ENTRY--AUTHOR NAME
Personal name Harris, Don,
245 10 - TITLE STATEMENT
Title Writing human factors research papers
260 ## - PUBLICATION, DISTRIBUTION, ETC. (IMPRINT)
Place of publication Burlington, Vt. :
Name of publisher Ashgate,
Year of publication 2012.
300 ## - PHYSICAL DESCRIPTION
Number of Pages xviii, 238 p. :
Other physical details ill.
650 #0 - SUBJECT ADDED ENTRY--TOPICAL TERM
Topical Term Technical writing
856 40 - ELECTRONIC LOCATION AND ACCESS
Uniform Resource Identifier http://site.ebrary.com/lib/rucke/Doc?id=10529453

No items available.

© 2026 Rongo University
Contact us: librarian | system librarian | Rongo university